000 00616nam a2200193Ia 4500
003 GCL
008 140319s9999 xx 000 0 ara d
040 _aGCL /
_cGCL
082 0 4 _a813.009
_bا ع
100 1 _aابراهيم فتحى
245 1 0 _aالعالم الروائى عند نجيب محفوظ /
_cابراهيم فتحى
260 _a[S.N] :
_bالهيئة المصرية العامة للكتاب ،
_c1988
300 _a161 ص
490 _a
650 0 4 _aالقصص العربية
650 0 4 _aنجيب محفوظ
650 0 4 _aالادب العربى - تاريخ ونقد
942 _2ddc
_cBK
999 _c31169
_d31169